Coral reef geomorphology /

Bibliographic Details
Main Author: Guilcher, André
Format: Book
Language:English
Published: Chichester ; New York : Wiley, [1988]
Series:Coastal morphology and research.
Subjects:

MARC

Tag First Indicator Second Indicator Subfields
LEADER 00000cam a2200000 a 4500
001 in00000031061
005 20151007054940.0
008 870914s1988 enkab b 00110 eng
010 |a  87025422  
020 |a 0471917559 :  |c $56.45 (U.S.) 
035 |a (OCoLC)16804115 
035 |9 AAB6736AM 
040 |a DLC  |c DLC  |d TXA  |d UtOrBLW 
049 |a TXAM  |c [A11494023] 
050 0 0 |a GB461  |b .G85 1988 
082 0 |a 551.4/24  |2 19 
100 1 |a Guilcher, André. 
245 1 0 |a Coral reef geomorphology /  |c André Guilcher. 
264 1 |a Chichester ;  |a New York :  |b Wiley,  |c [1988] 
264 4 |c ©1988 
300 |a xiii, 228 pages :  |b illustrations, maps ;  |c 24 cm. 
336 |a text  |b txt  |2 rdacontent 
337 |a unmediated  |b n  |2 rdamedia 
338 |a volume  |b nc  |2 rdacarrier 
490 1 |a Coastal morphology and research 
504 |a Bibliography: pages [203]-222. 
500 |a Includes index. 
650 0 |a Coral reefs and islands. 
830 0 |a Coastal morphology and research. 
999 |a MARS 
999 f f |s 87787a63-2810-3aa3-98a7-9de64f770363  |i 7fc25291-1e0c-3368-bcc9-385e82267cf4  |t 0 
952 f f |p ric  |a Texas A&M University  |b Rellis Campus  |c Joint Library Facility  |d Remote Storage  |t 0  |e GB461 .G85 1988  |h Library of Congress classification  |i unmediated -- volume  |m A14811494023 
998 f f |a GB461 .G85 1988  |t 0  |l Remote Storage